000 01534nab a2200241 i 4500
001 768714001
003 CO-MdFUSB
005 20251031163752.0
008 240619t1981 us ||||| |||| 00| 0 eng d
040 _bspa
_cCO-MdFUSB
_dCO-MdFUSB
041 _aeng
100 _aGuenther, Titus F.,
_d1946-
_eautor
245 _aSocial change without violence
_c/ Titus F. Guenther
520 _aEste ensayo relata un caso histórico concreto en el que un grupo de personas económicamente favorecidas, por su propia voluntad y sin una revolución sangrienta, prestó atención a las frustraciones de sus vecinos desfavorecidos y actuó en consecuencia. Por tanto, representa un desafío para quienes sostienen que un cambio social significativo sólo puede lograrse mediante una lucha revolucionaria violenta. Pero el autor continúa señalando las implicaciones misionológicas más amplias del modelo de comunidad cristiana migratoria mediante el cual, paradójicamente en este caso, dos tribus de cazadores y recolectores se transformaron por su propia motivación en colonos cristianizados.
546 _aTexto en inglés.
650 0 _aMisiones
_9154
650 0 _aEvangelización
_9362
650 7 _aJusticia social
_xAspectos religiosos
_xCristianismo
_96929
650 7 _aPaz
_xAspectos religiosos
_xCristianismo
_92054
773 0 _049486
_961138
_d Pasadena
_oR0876
_tMissiology:
_w(CO-MdFUSB)97
_gVolumen 9, (número 2, 1981) páginas: 193 - 212
_qpágina: 193
942 _cANA
945 _aCatherine Arias Álvarez - Practicante SENA
999 _c70285
_d70285